Goose on the loose / (Record no. 4635)

MARC details
000 -LEADER
fixed length control field 01104nam a22003017a 4500
001 - CONTROL NUMBER
control field 4635
003 - CONTROL NUMBER IDENTIFIER
control field FISKH
005 - DATE AND TIME OF LATEST TRANSACTION
control field 20240918133158.0
008 - FIXED-LENGTH DATA ELEMENTS--GENERAL INFORMATION
fixed length control field 240918b cb ||||| |||| 00| 0 eng d
020 ## - INTERNATIONAL STANDARD BOOK NUMBER
International Standard Book Number 9780439096997
040 ## - CATALOGING SOURCE
Original cataloging agency FISKH
Language of cataloging eng
Transcribing agency FISKH
Modifying agency FISKH
050 ## - LIBRARY OF CONGRESS CALL NUMBER
Classification number PZ7.D2193
082 ## - DEWEY DECIMAL CLASSIFICATION NUMBER
Edition number 823.914
100 ## - MAIN ENTRY--PERSONAL NAME
Personal name M.Baglio, Ben
Dates associated with a name 1960-
245 ## - TITLE STATEMENT
Title Goose on the loose /
Statement of responsibility, etc. Ben M.Baglio Illustration by Peter Mueller
250 ## - EDITION STATEMENT
Edition statement First printing in 2000
260 ## - PUBLICATION, DISTRIBUTION, ETC.
Place of publication, distribution, etc. London :
Name of publisher, distributor, etc. Scholastic,
Date of publication, distribution, etc. 2000.
300 ## - PHYSICAL DESCRIPTION
Extent 147 pages :
Other physical details illustrations ;
Dimensions 20cm
505 ## - FORMATTED CONTENTS NOTE
Formatted contents note M<br/>
520 ## - SUMMARY, ETC.
Summary, etc. Looking after Gussie, the goose should be easy for Mandy as both her parents are vets. But when Mandy and her friend James go to collect the pet goose after school, she has vanished Finding Gussie is the easy part - returning the pet to her rightful owner is the real challenge
521 8# - TARGET AUDIENCE NOTE
Target audience note 540L<br/>
Source Lexile<br/>
521 8# - TARGET AUDIENCE NOTE
Target audience note M<br/>
Source Raz-Plus<br/>
650 ## - SUBJECT ADDED ENTRY--TOPICAL TERM
Source of heading or term Animal Ark
Topical term or geographic name entry element Animal fiction
650 ## - SUBJECT ADDED ENTRY--TOPICAL TERM
Source of heading or term Middle grade
Topical term or geographic name entry element Animal stories
700 ## - ADDED ENTRY--PERSONAL NAME
Personal name Mueller, Peter
Dates associated with a name Illustrator
942 ## - ADDED ENTRY ELEMENTS (KOHA)
Source of classification or shelving scheme Dewey Decimal Classification
Koha item type Books
Suppress in OPAC No
Holdings
Withdrawn status Lost status Source of classification or shelving scheme Damaged status Not for loan Collection Home library Current library Shelving location Date acquired Total Checkouts Full call number Barcode Date last seen Date last checked out Copy number Price effective from Koha item type
    Dewey Decimal Classification     Fiction Footprints International School Library Network Toul Kork Campus Footprints International School Library Network Toul Tom Poung Campus TTP Primary Yellow Bookshelves 09/18/2024 2 BAG 823.914 PZ7.D2193 2024-2018 10/09/2025 08/08/2025 1 09/18/2024 Books